| 000 | 00430nam a22001811a 4500 | ||
|---|---|---|---|
| 001 | 4839 | ||
| 003 | OSt | ||
| 005 | 20260204211949.0 | ||
| 008 | 050919s19??||||dr ||||||b||||||||||spa|| | ||
| 050 | _aRD 320.83 L814s | ||
| 100 | _aLockward, Angel | ||
| 245 | _aSanto Domingo en dos / Angel Lockward | ||
| 264 | _aSanto Domingo: (S.N) | ||
| 300 | _a31 p | ||
| 500 | _aDonado | ||
| 650 | _a1.Gobierno MunicipalĂ | ||
| 942 |
_2ddc _cBK |
||
| 999 |
_c4839 _d4839 |
||